000 00668nam a2200241 a 4500
001 000017272
003 DO-SdBNP
005 20260321073640.0
007 ta
008 100322s1983 dr j 000 spa d
040 _aDO-SdBNP
_bspa
_cBNPHU
082 4 _aRD863.44
_bB742cam, 1983
_222
100 1 _a Bosch, Juan,
_d1909-2001
_976555
245 1 0 _aCamino real :
_bcuentos /
_cJuan Bosch.
250 _a3a ed.
260 _aSanto Domingo :
_bAlfa & Omega,
_c1983.
300 _a152 p. ;
_c21 cm.
590 _aInventariado, 2020 /LP
650 0 _aCuentos dominicanos
_9176
650 0 _aLiteratura dominicana.
_967
942 _2ddc
_cLBS1
956 _aLOPEREZ
999 _c16797
_d16797